00904 2200193 4500245009700000020001800097250001100115100002400126700001700150650001700167650001300184005001900197260004200216041001400258084001200272300002200284500039500306336000900701 aBersyukur Tanpa Libur b : Catatan Kehidupan Arswendo AtmowilotocArswendo AtmowilotohText a9786020649436 aCet. 1 aArswendo Atmowiloto aAnastasia MW aAutobiografi aArswendo a20241010114213 aJakartabGramedia Pustaka Utamac2020 aIndonesia a809.382 a280 hlm. :cilus. aBuku ini merupakan kumulan tulisan Arswendo Atmowiloto yang mengenai memaknai hidup dengan terus bersyukur, yang berserakan tertinggal di kommputernya, tentang awal kehidupannya di Solo, kehangatan keluarga yang dicintainya, kiprahnya di rimba "persilatan" media hingga penjara; buku ini juga dilengkapi dengan tulisan-tulisan mereka yang paling dekat, para sahatnya dari berbagai kalangan. atext